[Event "Thane ARMS op 1st"]
[Site "Thane"]
[Date "2018.04.21"]
[Round "6"]
[White "Pawaar, Sohum"]
[Black "Chevli, Miral"]
[Result "1/2-1/2"]
[WhiteElo "1324"]
[BlackElo "1604"]
[PlyCount "144"]
[EventDate "2018.04.21"]
[EventType "swiss (rapid)"]
[EventRounds "9"]
[EventCountry "IND"]
[SourceTitle "CBM 184 Extra"]
[Source "ChessBase"]
[SourceDate "2018.06.28"]
[SourceVersion "1"]
[SourceVersionDate "2018.06.28"]
[SourceQuality "1"]

1. e4 c5 2. c3 d5 3. exd5 Qxd5 4. Nf3 Nc6 5. d4 Nf6 6. Na3 e6 7. Bc4 Qe4+ 8. Qe2 a6 9. Nc2 cxd4 10. Qxe4 Nxe4 11. Ncxd4 Nxd4 12. Nxd4 Be7 13. 0-0 0-0 14. Be3 b5 15. Be2 Bb7 16. Bf3 Rac8 17. Rac1 Bd5 18. Rfd1 Nf6 19. Bxd5 Nxd5 20. Nc2 Rc4 21. Rd4 Rfc8 22. Rxc4 Rxc4 23. a3 a5 24. Bd4 b4 25. axb4 axb4 26. Ne3 Nxe3 27. Bxe3 g6 28. cxb4 Rxb4 29. Rc8+ Kg7 30. Bd2 Rb5 31. Bc3+ Bf6 32. Kf1 Bxc3 33. bxc3 Rb2 34. c4 h5 35. c5 Kf6 36. c6 Rc2 37. c7 Ke7 38. Ke1 e5 39. Kd1 Rc6 40. Ke2 f6 41. Rg8 Rxc7 42. Rxg6 Rc2+ 43. Ke3 Rc4 44. g3 h4 45. Rh6 hxg3 46. hxg3 Ra4 47. f4 e4 48. Rh5 Ke6 49. Rb5 f5 50. Rb6+ Kf7 51. Rb5 Kg6 52. Rd5 Ra3+ 53. Kf2 Ra2+ 54. Kf1 Rb2 55. Re5 Rd2 56. Kg1 Kf6 57. Kf1 Rd3 58. Kf2 Ra3 59. Kg2 Ra8 60. Kf2 Kg6 61. g4 Ra2+ 62. Ke3 Ra3+ 63. Ke2 fxg4 64. Rg5+ Kf6 65. Rxg4 Kf5 66. Rh4 Rf3 67. Ke1 Ra3 68. Ke2 Ke6 69. Rh5 Kf6 70. Re5 e3 71. Rxe3 Rxe3+ 72. Kxe3 Kf5 1/2-1/2